Responses for Show #694 - Thursday, September 17, 1987

Contestants

[<< previous game]

Joanne Campbell, a broker originally from Philadelphia, Pennsylvania

Alan Waldman, a writer originally from Houston, Texas

Tom Bendycki, a copy editor originally from Cleveland, Ohio (whose 1-day cash winnings total $8,400)

[next game >>]

Jeopardy! Round responses

HISTORY
ANTONYMS
ACADEMY AWARDS
SCIENCE
COLLECTABLES
ROUTE OF THE BARGE
    $100 21
the Ottoman Empire

Tom
    $100 2
stop & go

Joanne
    $100 1
Johnny Carson

Joanne
    $100 12
a Petri dish

Joanne
    $100 7
[NOTE: That is how the category was spelled.]

a teddy bear

Tom
    $100 26
garbage

Alan
    $200 22
Spain

Tom
    $200 3
over dale & over hill

Joanne
    $200 8
Paul Newman

Tom
    $200 17
(Alex: Right, freezing.)

32

Tom
    $200 13
baseball

Joanne
    $200 27
the Mississippi River

Tom
    $300 23
the French & Indian War

Tom
    $500 4
pro & con

Joanne
    $300 9
Ben-Hur

Tom
    $300 18
3

Alan
    $300 14
The Beatles

Joanne
    $300 28
(Alan: What's Belize?)

Mexico

TomAlan
    $400 24
opium

Tom
    $400 5
a borrower or a lender be

Joanne
    $400 10
Nastassja Kinski

Tom
    $400 19
(1 of) radium (or polonium)

Tom
    $400 15
comic books

Tom
    $400 29
the Bahamas

Triple Stumper
    $500 25
(Alex: Less than a minute to go in the round.)

Amerigo Vespucci

Joanne
    $500 6
starboard

Triple Stumper
    $500 11
somewhere "Over The Rainbow"

Tom
    $500 20
amber

Joanne
    $500 16
100 years

Tom
    $500 30
(Alan: [*].)
(Alex: Phrasing.)

Islip, New York

Alan

Scores at the first commercial break (after clue 11):

Tom Alan Joanne
$1,500 $0 $1,300

Scores at the end of the Jeopardy! Round:

Tom Alan Joanne
$4,500 $600 $2,900

Double Jeopardy! Round responses

FAMOUS NAMES
WORLD CITIES
INVERTEBRATES
LAW & ORDER
BOOKS & AUTHORS
PSYCH 101
    $200 6
Golda Meir

Tom
    $200 1
Edinburgh

Tom
    $200 26
jellyfish

Triple Stumper
    $200 11
a posse

Joanne
    $200 12
Penguin

Alan
    $200 21
Sigmund Freud

Tom
    $400 7
Martin Luther King Jr.

Tom
    $400 2
Yugoslavia

Tom
    $1,000 27
(Alex: Joanne?)

a barnacle

Joanne
    $400 17
helicopters

Joanne
    $400 13
(Tom: Who is C.S. Forester?)

E.M Forster

TomAlan
    $400 22
the knee

Tom
    $600 8
the Bismarck

Alan
    $600 3
Rome

Tom
    $600 28
[The end-of-round signal sounds.]

butterflies

Joanne
    $600 18
the Shore Patrol

Tom
    $600 14
Gloria Steinem

Joanne
    $600 23
dreaming

Alan
    $800 9
Julius Erving

Tom
    $800 4
Caracas

Tom
    $900 19
the Immigration and Naturalization Service

Tom
    $800 15
Daniel Defoe

Tom
    $800 24
panic

Joanne
    $1000 10
Ilyich

Tom
    $1000 5
(Alex: Nice going, you ran the category.)
[Applause]

Rio de Janeiro

Tom
    $1000 20
Robert Peel

Alan
    $1000 16
(Alex: We're thinking of the Uncle Remus stories by [*].)

Joel Chandler Harris

Triple Stumper
    $1000 25
(Alex: You are right, from quotient; we've got less than a minute to go.)

division

Joanne

Scores at the end of the Double Jeopardy! Round:

Tom Alan Joanne
$12,400 $3,400 $7,500

[wagering suggestions for these scores]

Final Jeopardy! Round responses

U.S. STATES
AlanWhat is Tennessee
$3,395
JoanneWhat is Tennessee?
$7,500
TomWhat is Missouri?
$3,600
(1 of) Tennessee or Missouri

Final scores:

Tom Alan Joanne
$16,000 $6,795 $15,000
2-day champion: $24,400 3rd place: Action Recliners by Lane Queen Anne chair + Jeopardy! computerized version or box game 2nd place: Jenn-Air grill-range & BRA cookware + Jeopardy! computerized version or box game

Game dynamics:

Coryat scores:

Tom Alan Joanne
$12,300 $3,400 $6,700
29 R
(including 1 DD),
1 W
8 R,
1 W
17 R
(including 2 DDs),
0 W

Combined Coryat: $22,400

[game clues] [game scores] [suggest correction]

Game tape date: 1987-06-16
The J! Archive is created by fans, for fans. Scraping, republication, monetization, and malicious use prohibited; this site may use cookies and collect identifying information. See terms. The Jeopardy! game show and all elements thereof, including but not limited to copyright and trademark thereto, are the property of Jeopardy Productions, Inc. and are protected under law. This website is not affiliated with, sponsored by, or operated by Jeopardy Productions, Inc. Join the discussion at JBoard.tv.